Serial correlation as a convenient simplification, not a nuisance (Registro nro. 26521)
[ vista simple ]
| 000 -LEADER | |
|---|---|
| fixed length control field | 00388 a2200121 4500 |
| 001 - CONTROL NUMBER | |
| control field | ART_12628 |
| 005 - DATE AND TIME OF LATEST TRANSACTION | |
| control field | 20260410161908.0 |
| 008 - FIXED-LENGTH DATA ELEMENTS--GENERAL INFORMATION | |
| fixed length control field | 260409a |
| 100 1# - MAIN ENTRY--PERSONAL NAME | |
| Personal name | Hendry, David F. |
| 245 10 - TITLE STATEMENT | |
| Title | Serial correlation as a convenient simplification, not a nuisance |
| 700 1# - ADDED ENTRY--PERSONAL NAME | |
| Personal name | Mizon, Grayhame E. |
| 773 0# - HOST ITEM ENTRY | |
| Title | The Economic Journal |
| Related parts | - Vol. 88, Nº 351 (set. 1978) |
| Record control number | REV12512 |
No hay ítems disponibles.